[Event "Niedersachsen-ch op-B"]
[Site "Verden"]
[Date "2012.01.03"]
[Round "3"]
[White "Veelders, Wiebke"]
[Black "Boehning, Kilian"]
[Result "0-1"]
[WhiteElo "1664"]
[BlackElo "1738"]
[PlyCount "54"]
[EventDate "2012.01.02"]
[EventType "swiss"]
[EventRounds "7"]
[EventCountry "GER"]
[SourceTitle "EXT 2021"]
[Source "ChessBase"]
[SourceDate "2020.10.23"]
[SourceVersion "1"]
[SourceVersionDate "2020.10.23"]
[SourceQuality "1"]

1. f4 d5 2. b3 e6 3. Bb2 c6 4. Nf3 f5 5. e3 Nf6 6. Be2 Nbd7 7. 0-0 Be7 8. c4 0-0 9. Nc3 a6 10. a4 Nc5 11. b4 Nce4 12. c5 a5 13. d3 axb4 14. Nxe4 fxe4 15. dxe4 Nxe4 16. Qd4 Bf6 17. Ne5 Bxe5 18. Qxe5 Qf6 19. Qxe4 Qxb2 20. Qd3 Ra5 21. Rfb1 Qc3 22. Rc1 Qxd3 23. Bxd3 e5 24. g3 exf4 25. exf4 Re8 26. Ra2 Re3 27. Bc2 Rc3 0-1

[Event "Niedersachsen-ch U16"]
[Site "Rotenburg"]
[Date "2009.04.07"]
[Round "5"]
[White "Elborg, Cornelia"]
[Black "Veelders, Wiebke"]
[Result "1-0"]
[WhiteElo "1382"]
[BlackElo "1298"]
[PlyCount "81"]
[EventDate "2009.04.04"]
[EventType "swiss"]
[EventRounds "9"]
[EventCountry "GER"]
[SourceTitle "EXT 2010"]
[Source "ChessBase"]
[SourceDate "2010.11.25"]
[SourceVersion "1"]
[SourceVersionDate "2010.11.25"]
[SourceQuality "1"]

1. e4 e6 2. d4 d5 3. exd5 exd5 4. c4 dxc4 5. Bxc4 Bd6 6. Nc3 Ne7 7. Nf3 c6 8. Ng5 Nd5 9. 0-0 h6 10. Nxd5 hxg5 11. Re1+ Kf8 12. Nc3 Bxh2+ 13. Kf1 Bc7 14. Qf3 Rh1+ 15. Ke2 Qe7+ 16. Be3 Rxe1+ 17. Rxe1 g4 18. Qe4 f5 19. Qxe7+ Kxe7 20. Kd1 Kf6 21. d5 Be5 22. Bg5+ Kxg5 23. Rxe5 Kf6 24. Re8 Bd7 25. dxc6 Bxc6 26. Nd5+ Kf7 27. Nc7+ Kg6 28. Re6+ Kh7 29. Nxa8 Bxg2 30. Bd3 g6 31. Re7+ Kh6 32. Re6 Kh5 33. Nc7 Nc6 34. Bc4 Nd4 35. Re8 f4 36. Ne6 Nxe6 37. Rxe6 g3 38. fxg3 f3 39. Ke1 g5 40. Kf2 Kg4 41. Re7 1-0

[Event "Niedersachsen-ch U16"]
[Site "Rotenburg"]
[Date "2009.04.07"]
[Round "6"]
[White "Veelders, Wiebke"]
[Black "Richters, Maik"]
[Result "1-0"]
[WhiteElo "1298"]
[BlackElo "1333"]
[PlyCount "81"]
[EventDate "2009.04.04"]
[EventType "swiss"]
[EventRounds "9"]
[EventCountry "GER"]
[SourceTitle "EXT 2010"]
[Source "ChessBase"]
[SourceDate "2010.11.25"]
[SourceVersion "1"]
[SourceVersionDate "2010.11.25"]
[SourceQuality "1"]

1. c4 c5 2. g3 Nf6 3. Nc3 Nc6 4. Bg2 e5 5. e3 d6 6. Nge2 Be6 7. d3 d5 8. 0-0 d4 9. exd4 cxd4 10. Ne4 Nxe4 11. Bxe4 Bb4 12. a3 Ba5 13. b4 Bc7 14. f4 Bg4 15. Qe1 0-0 16. fxe5 Nxe5 17. Bb2 f5 18. Bd5+ Kh8 19. Nf4 Re8 20. Qf2 Qd6 21. Qxd4 g5 22. Rae1 gxf4 23. gxf4 Qg6 24. Kh1 h6 25. fxe5 Kh7 26. Rg1 Qh5 27. Rg2 Re7 28. Qf2 Rae8 29. d4 Rg7 30. Rf1 Bd8 31. Bf3 Bh4 32. Bxg4 fxg4 33. Qf5+ Qxf5 34. Rxf5 Reg8 35. Rf4 h5 36. h3 Bg5 37. Rf5 gxh3 38. Rg3 Bh6 39. Rxg7+ Rxg7 40. Rxh5 Rg2 41. Bc1 1-0

[Event "GER-chT U14 Girls"]
[Site "Dittrichshuette"]
[Date "2008.12.28"]
[Round "3.2"]
[White "Harder, Anne"]
[Black "Veelders, Wiebke"]
[Result "1-0"]
[WhiteElo "1508"]
[BlackElo "1244"]
[PlyCount "87"]
[EventDate "2008.12.27"]
[EventType "team-swiss"]
[EventRounds "7"]
[EventCountry "GER"]
[SourceTitle "EXT 2010"]
[Source "ChessBase"]
[SourceDate "2010.11.25"]
[SourceVersion "1"]
[SourceVersionDate "2010.11.25"]
[SourceQuality "1"]
[WhiteTeam "Erlangen"]
[BlackTeam "Nordhorn Blanke"]
[WhiteTeamCountry "GER"]
[BlackTeamCountry "GER"]

1. e4 e6 2. d4 d5 3. exd5 exd5 4. Bd3 Bd6 5. Nf3 Ne7 6. 0-0 Bg4 7. Re1 Nd7 8. Nbd2 c6 9. Nf1 Qc7 10. Bg5 f6 11. Bh4 0-0-0 12. Bg3 g5 13. Rxe7 h5 14. h3 Bxf3 15. Qxf3 h4 16. Bh2 Kb8 17. Bf5 Bxh2+ 18. Nxh2 Ne5 19. Qa3 Nc4 20. Qxa7+ Kxa7 21. Rxc7 Nd6 22. Bd3 Rhe8 23. Ng4 Re6 24. Kf1 Kb6 25. Rg7 Rde8 26. Rg6 f5 27. Rxe6 Rxe6 28. Ne5 c5 29. Nd7+ Kc7 30. Nxc5 Re8 31. Re1 Ra8 32. a3 Rg8 33. Re7+ Kc6 34. g4 fxg4 35. hxg4 h3 36. Rh7 Rf8 37. Rxh3 Rf4 38. Ne6 Rxg4 39. Rg3 Rh4 40. Rxg5 Ne4 41. Bxe4 Rxe4 42. Re5 Kd6 43. Rxe4 dxe4 44. Nc5 1-0

[Event "GER-chT U14 Girls"]
[Site "Dittrichshuette"]
[Date "2008.12.28"]
[Round "4.2"]
[White "Veelders, Wiebke"]
[Black "Tran, My Linh"]
[Result "1/2-1/2"]
[WhiteElo "1244"]
[BlackElo "1759"]
[PlyCount "43"]
[EventDate "2008.12.27"]
[EventType "team-swiss"]
[EventRounds "7"]
[EventCountry "GER"]
[SourceTitle "EXT 2010"]
[Source "ChessBase"]
[SourceDate "2010.11.25"]
[SourceVersion "1"]
[SourceVersionDate "2010.11.25"]
[SourceQuality "1"]
[WhiteTeam "Nordhorn Blanke"]
[BlackTeam "Rossdorf"]
[WhiteTeamCountry "GER"]
[BlackTeamCountry "GER"]

1. f4 d5 2. Nf3 Nc6 3. g3 Nf6 4. Bg2 Bf5 5. 0-0 e6 6. Kh1 Bd6 7. d3 h6 8. c3 Qe7 9. Qe1 0-0-0 10. Nbd2 Bg4 11. e4 dxe4 12. dxe4 e5 13. Nc4 exf4 14. e5 Bxf3 15. exd6 Bxg2+ 16. Kxg2 f3+ 17. Kxf3 Qxe1 18. Rxe1 cxd6 19. Bf4 Ne5+ 20. Nxe5 dxe5 21. Rxe5 Nd5 22. Rae1 1/2-1/2

[Event "Niedersachsen-chT U14"]
[Site "Verden an der Aller"]
[Date "2008.05.04"]
[Round "7.2"]
[White "Veelders, Wiebke"]
[Black "Lindner, Robert"]
[Result "0-1"]
[WhiteElo "1227"]
[BlackElo "1408"]
[PlyCount "77"]
[EventDate "2008.05.01"]
[EventType "team-tourn"]
[EventRounds "7"]
[EventCountry "GER"]
[SourceTitle "EXT 2009"]
[Source "ChessBase"]
[SourceDate "2008.11.26"]
[SourceVersion "1"]
[SourceVersionDate "2008.11.26"]
[SourceQuality "1"]

1. e4 e6 2. d4 d5 3. Nd2 dxe4 4. Nxe4 Nd7 5. Nf3 Ngf6 6. Bg5 Be7 7. Nxf6+ Nxf6 8. Bxf6 Bxf6 9. c3 0-0 10. Bd3 b6 11. Be4 Rb8 12. Qc2 g6 13. 0-0 Bb7 14. Bxb7 Rxb7 15. Rad1 Qe7 16. Rfe1 Rd8 17. Qe4 Rbb8 18. h3 Rd5 19. Qxd5 exd5 20. Rxe7 Bxe7 21. Ne5 Re8 22. Nc6 a6 23. Re1 Kf8 24. Kf1 Bd6 25. Rxe8+ Kxe8 26. g3 a5 27. Ne5 Bxe5 28. dxe5 Kd7 29. Ke2 c5 30. Kd3 Ke6 31. f4 f5 32. Ke3 h5 33. b3 g5 34. a3 b5 35. b4 gxf4+ 36. gxf4 axb4 37. axb4 cxb4 38. cxb4 h4 39. Kd4 0-1

[Event "Niedersachsen-chT U14"]
[Site "Verden an der Aller"]
[Date "2008.05.02"]
[Round "3.2"]
[White "Veelders, Wiebke"]
[Black "Weihs, Lennart"]
[Result "1-0"]
[WhiteElo "1227"]
[BlackElo "948"]
[PlyCount "125"]
[EventDate "2008.05.01"]
[EventType "team-tourn"]
[EventRounds "7"]
[EventCountry "GER"]
[SourceTitle "EXT 2009"]
[Source "ChessBase"]
[SourceDate "2008.11.26"]
[SourceVersion "1"]
[SourceVersionDate "2008.11.26"]
[SourceQuality "1"]

1. c4 c5 2. Nc3 Nc6 3. g3 Nf6 4. Bg2 e6 5. e3 d5 6. cxd5 exd5 7. Nge2 Bf5 8. a3 g6 9. d4 Bg4 10. dxc5 Bxe2 11. Nxe2 Bxc5 12. b4 Bb6 13. Bb2 0-0 14. Nf4 d4 15. Bxc6 bxc6 16. Bxd4 Bxd4 17. Qxd4 Qxd4 18. exd4 Rad8 19. Rc1 Rd6 20. 0-0 Rc8 21. Rfd1 Nd5 22. Nxd5 Rxd5 23. Rc5 Kg7 24. Rdc1 Rxd4 25. Rxc6 Rxc6 26. Rxc6 Rd3 27. Ra6 Rd7 28. Kg2 Kh6 29. Ra5 f5 30. f4 Kh5 31. Kh3 Rf7 32. g4+ Kh6 33. gxf5 gxf5 34. Kh4 Rf6 35. Rxa7 Rg6 36. h3 Rg1 37. b5 Rb1 38. Ra6+ Kg7 39. b6 Kf8 40. a4 Ke8 41. a5 Kd8 42. Ra7 Kc8 43. Rxh7 Rb5 44. Ra7 Kb8 45. Kg5 Rb3 46. Kxf5 Rxh3 47. Ke6 Rh4 48. f5 Re4+ 49. Kd5 Re1 50. f6 Rd1+ 51. Ke4 Re1+ 52. Kd3 Rf1 53. f7 Rf2 54. Re7 Rf3+ 55. Ke4 Rc3 56. f8Q+ Rc8 57. Re8 Rxe8+ 58. Qxe8+ Kb7 59. Kd4 Ka6 60. Kc5 Kb7 61. Qc6+ Kb8 62. Qc7+ Ka8 63. Qa7# 1-0

[Event "Niedersachsen-chT U14"]
[Site "Verden an der Aller"]
[Date "2008.05.01"]
[Round "2.2"]
[White "Carmesin, Matthias"]
[Black "Veelders, Wiebke"]
[Result "1-0"]
[WhiteElo "1641"]
[BlackElo "1227"]
[PlyCount "55"]
[EventDate "2008.05.01"]
[EventType "team-tourn"]
[EventRounds "7"]
[EventCountry "GER"]
[SourceTitle "EXT 2009"]
[Source "ChessBase"]
[SourceDate "2008.11.26"]
[SourceVersion "1"]
[SourceVersionDate "2008.11.26"]
[SourceQuality "1"]

1. e4 c5 2. Nf3 Nc6 3. d4 cxd4 4. Nxd4 g6 5. Nc3 Bg7 6. Be3 Nf6 7. Bc4 0-0 8. Bb3 Ng4 9. Qxg4 Nxd4 10. Qd1 Nxb3 11. axb3 b6 12. Qd5 Rb8 13. Rxa7 e6 14. Qd3 Bb7 15. 0-0 d5 16. exd5 Bxd5 17. Nxd5 Qxd5 18. Qxd5 exd5 19. c3 Rfd8 20. Rd1 b5 21. b4 Ra8 22. Ra5 Rab8 23. g3 Kf8 24. Bc5+ Ke8 25. Re1+ Kd7 26. Re7+ Kc6 27. Ra6+ Rb6 28. Rxb6# 1-0

[Event "GER-chT U14 Girls"]
[Site "Stuttgart"]
[Date "2007.12.28"]
[Round "4.4"]
[White "Veelders, Wiebke"]
[Black "Fischer, Franziska"]
[Result "1-0"]
[WhiteElo "1063"]
[BlackElo "1096"]
[PlyCount "123"]
[EventDate "2007.12.27"]
[EventType "team-swiss"]
[EventRounds "7"]
[EventCountry "GER"]
[SourceTitle "EXT 2009"]
[Source "ChessBase"]
[SourceDate "2008.11.26"]
[SourceVersion "1"]
[SourceVersionDate "2008.11.26"]
[SourceQuality "1"]
[WhiteTeam "Nordhorn Blanke U14 Girls"]
[BlackTeam "Chemnitz Aufbau U14 Girls"]
[WhiteTeamCountry "GER"]
[BlackTeamCountry "GER"]

1. c4 e6 2. Nc3 d5 3. cxd5 exd5 4. g3 Nf6 5. Bg2 c6 6. e3 Bf5 7. Nge2 Bd6 8. 0-0 0-0 9. Nd4 Bd3 10. Nde2 Nbd7 11. Qb3 Nc5 12. Qd1 a5 13. Re1 b5 14. Nf4 Bxf4 15. exf4 b4 16. Na4 Nxa4 17. Qxa4 Bb5 18. Qc2 Re8 19. Rxe8+ Qxe8 20. d3 Qe1+ 21. Bf1 Re8 22. Qd2 c5 23. Kg2 c4 24. dxc4 dxc4 25. f3 c3 26. Qxe1 Rxe1 27. Bxb5 cxb2 28. Bxb2 Rxa1 29. Bxa1 Nd5 30. Kf2 Nc7 31. Ba4 Ne6 32. Ke2 Nc5 33. Bc2 a4 34. Bd4 Ne6 35. Kd3 h6 36. Bxa4 Kh7 37. Kc4 Kg6 38. Bc5 Kf5 39. Bd7 Kf6 40. Bxe6 Kxe6 41. Kxb4 g6 42. a4 Kd7 43. Kb5 Kc7 44. a5 Kb7 45. a6+ Ka8 46. a7 h5 47. Kc6 f6 48. Kd7 g5 49. fxg5 fxg5 50. Ke6 Kb7 51. Kf6 h4 52. g4 h3 53. Kxg5 Ka8 54. f4 Kb7 55. f5 Ka8 56. f6 Kb7 57. f7 Ka8 58. f8Q+ Kb7 59. a8B+ Ka6 60. Qb8 Ka5 61. Bc6 Ka6 62. Qa7# 1-0

[Event "Niedersachsen-chT U14"]
[Site "Stade"]
[Date "2007.05.18"]
[Round "4.2"]
[White "Loewe, Lennard"]
[Black "Veelders, Wiebke"]
[Result "1-0"]
[WhiteElo "1366"]
[BlackElo "1162"]
[PlyCount "55"]
[EventDate "2007.05.17"]
[EventType "team-tourn"]
[EventRounds "7"]
[EventCountry "GER"]
[SourceTitle "EXT 2008"]
[Source "ChessBase"]
[SourceDate "2007.11.25"]
[SourceVersion "1"]
[SourceVersionDate "2007.11.25"]
[SourceQuality "1"]

1. e4 d5 2. exd5 Qxd5 3. Nc3 Qd6 4. Bc4 Nf6 5. d3 a6 6. Nge2 Nc6 7. Bf4 e5 8. Bg3 Bf5 9. Qd2 0-0-0 10. Bxf7 Qd7 11. Bc4 e4 12. 0-0-0 exd3 13. Bxd3 g6 14. Bxf5 Qxf5 15. Qf4 Qxf4+ 16. Nxf4 Bh6 17. Kb1 Rhe8 18. Nfd5 Ng4 19. Nxc7 Nce5 20. Rxd8+ Rxd8 21. N7d5 Re8 22. h3 Nc4 23. hxg4 g5 24. b3 Nd2+ 25. Kc1 Bg7 26. Rxh7 Bxc3 27. Nb6+ Kd8 28. Rd7# 1-0

[Event "Niedersachsen-chT U14"]
[Site "Stade"]
[Date "2007.05.18"]
[Round "3.2"]
[White "Veelders, Wiebke"]
[Black "Konow, Philipp"]
[Result "0-1"]
[WhiteElo "1162"]
[BlackElo "1743"]
[PlyCount "122"]
[EventDate "2007.05.17"]
[EventType "team-tourn"]
[EventRounds "7"]
[EventCountry "GER"]
[SourceTitle "EXT 2008"]
[Source "ChessBase"]
[SourceDate "2007.11.25"]
[SourceVersion "1"]
[SourceVersionDate "2007.11.25"]
[SourceQuality "1"]

1. c4 e6 2. Nc3 d5 3. cxd5 exd5 4. d4 Nf6 5. g3 c6 6. Bg2 Bd6 7. e4 dxe4 8. Nxe4 Nxe4 9. Bxe4 Bb4+ 10. Kf1 Nd7 11. Qe2 0-0 12. Nf3 Nf6 13. Bd3 Bh3+ 14. Kg1 Re8 15. Be3 Ne4 16. Ne5 Bf5 17. g4 Bg6 18. f3 Ng5 19. h4 Bxd3 20. Nxd3 Bd2 21. Ne5 Bxe3+ 22. Qxe3 Nxf3+ 23. Kf2 Qxd4 24. Qxd4 Nxd4 25. Nd3 Re2+ 26. Kf1 Rae8 27. b3 Nf3 28. Rh3 Nd2+ 29. Kg1 R8e3 30. Rxe3 Rxe3 31. Nf4 Rg3+ 32. Kf2 Ne4+ 33. Ke2 Rxg4 34. Nd3 Rxh4 35. Re1 h5 36. Kf3 Nd6 37. Ne5 Nf5 38. Kg2 f6 39. Ng6 Rg4+ 40. Kf3 Rxg6 41. Rh1 h4 42. Kf4 Rg5 43. a4 g6 44. b4 Rg3 45. a5 Rb3 46. b5 Rxb5 47. a6 bxa6 48. Rh2 g5+ 49. Kg4 Ne3+ 50. Kh5 Nf1 51. Rh1 Ng3+ 52. Kg6 Nxh1 53. Kxf6 a5 54. Kg6 a4 55. Kf6 Rf5+ 56. Kg6 Rd5 57. Kh6 a3 58. Kg6 a2 59. Kh6 a1Q 60. Kg6 g4 61. Kh6 Qf6# 0-1

[Event "Niedersachsen-ch U12/14 Girls"]
[Site "Rotenburg/Wuemme"]
[Date "2007.04.02"]
[Round "4"]
[White "Veelders, Wiebke"]
[Black "Schmidt, Jennifer"]
[Result "1-0"]
[WhiteElo "1139"]
[BlackElo "1117"]
[PlyCount "185"]
[EventDate "2007.03.31"]
[EventType "swiss"]
[EventRounds "9"]
[EventCountry "GER"]
[SourceTitle "EXT 2008"]
[Source "ChessBase"]
[SourceDate "2007.11.25"]
[SourceVersion "1"]
[SourceVersionDate "2007.11.25"]
[SourceQuality "1"]

1. c4 e5 2. Nc3 Bc5 3. g3 f5 4. Bg2 Nc6 5. a3 Nf6 6. Rb1 0-0 7. b4 Be7 8. d3 d6 9. Bd2 a6 10. Qc2 Nd4 11. Qa2 c5 12. e3 Nc6 13. Nd5 Be6 14. Ne2 b5 15. Nxf6+ Bxf6 16. Bxc6 Rb8 17. Bg2 cxb4 18. axb4 bxc4 19. dxc4 Rb6 20. Qc2 e4 21. b5 axb5 22. Ba5 Bxc4 23. 0-0 Bd3 24. Qb3+ Bc4 25. Qd1 Rf7 26. Re1 Ba2 27. Rc1 Bb2 28. Bxb6 Qxb6 29. Rc8+ Rf8 30. Rxf8+ Kxf8 31. Qc2 Qa5 32. Qc8+ Ke7 33. Qb7+ Ke6 34. Qc8+ Kf6 35. Qf8+ Ke6 36. Nf4+ Kd7 37. Qxf5+ Ke7 38. Qxe4+ Kf7 39. Qb7+ Kf6 40. Nh5+ Kg5 41. Re2 Bc4 42. h4+ Kxh5 43. Qf3+ Kg6 44. h5+ Kh6 45. Rxb2 Qa1+ 46. Kh2 Qxb2 47. Qf4+ Kxh5 48. Bf3+ Kg6 49. Qxd6+ Kf7 50. Bd5+ Bxd5 51. Qxd5+ Kf6 52. Qf3+ Ke7 53. Qe4+ Kf7 54. Qd5+ Kf6 55. Qc6+ Kf7 56. Qd7+ Kf6 57. Qd6+ Kf7 58. Kg2 Qf6 59. Qd5+ Qe6 60. Qxb5 Qe4+ 61. Kh2 Qf3 62. Qc4+ Kf6 63. Qf4+ Qxf4 64. gxf4 Kf5 65. Kg3 h5 66. Kh4 g6 67. f3 Kf6 68. e4 Ke6 69. Kg5 Ke7 70. f5 gxf5 71. Kxf5 h4 72. Kg4 Ke6 73. f4 Kf6 74. Kxh4 Kg6 75. Kg4 Kf7 76. Kf5 Ke7 77. Kg6 Kf8 78. e5 Ke7 79. f5 Kf8 80. e6 Ke7 81. Kg7 Ke8 82. f6 Kd8 83. f7 Ke7 84. f8Q+ Kxe6 85. Qf4 Ke7 86. Qf5 Kd6 87. Kf6 Kc7 88. Qd5 Kb6 89. Ke6 Ka6 90. Qb3 Ka7 91. Kd6 Ka6 92. Kc6 Ka7 93. Qb7# 1-0

[Event "Niedersachsen-ch U12/14 Girls"]
[Site "Rotenburg/Wuemme"]
[Date "2007.04.01"]
[Round "2"]
[White "Veelders, Wiebke"]
[Black "Jakobs, Silke"]
[Result "1-0"]
[WhiteElo "1139"]
[BlackElo "910"]
[PlyCount "91"]
[EventDate "2007.03.31"]
[EventType "swiss"]
[EventRounds "9"]
[EventCountry "GER"]
[SourceTitle "EXT 2008"]
[Source "ChessBase"]
[SourceDate "2007.11.25"]
[SourceVersion "1"]
[SourceVersionDate "2007.11.25"]
[SourceQuality "1"]

1. c4 e5 2. Nc3 Nc6 3. g3 d6 4. Bg2 Nge7 5. Nf3 g6 6. d4 Bg7 7. e3 Bf5 8. a3 0-0 9. b4 a5 10. b5 Na7 11. Bb2 d5 12. Nxe5 dxc4 13. Nxc4 c6 14. a4 Nd5 15. Nxd5 cxd5 16. Nd2 b6 17. Qb3 Be6 18. Qc3 Rc8 19. Qd3 Bf5 20. e4 Be6 21. 0-0 dxe4 22. Nxe4 Bc4 23. Qd2 Bxf1 24. Rxf1 Rc4 25. Rd1 Nc8 26. d5 Bxb2 27. Qxb2 Rxe4 28. Bxe4 Nd6 29. Bg2 Nc4 30. Qc3 Qc8 31. Bf1 Qg4 32. Rd4 Qf5 33. Qxc4 Rc8 34. Qd3 Qg5 35. d6 h5 36. d7 Rd8 37. Re4 Kf8 38. Qd6+ Kg7 39. Re8 Rxe8 40. dxe8Q h4 41. Qef8+ Kh7 42. Qxf7+ Kh6 43. Qdf8+ Kh5 44. Be2+ Qg4 45. Qd5+ g5 46. Qdf7# 1-0

[Event "Niedersachsen-ch U12/14 Girls"]
[Site "Rotenburg/Wuemme"]
[Date "2007.03.31"]
[Round "1"]
[White "Kuschnerus, Tessa"]
[Black "Veelders, Wiebke"]
[Result "0-1"]
[WhiteElo "788"]
[BlackElo "1139"]
[PlyCount "100"]
[EventDate "2007.03.31"]
[EventType "swiss"]
[EventRounds "9"]
[EventCountry "GER"]
[SourceTitle "EXT 2008"]
[Source "ChessBase"]
[SourceDate "2007.11.25"]
[SourceVersion "1"]
[SourceVersionDate "2007.11.25"]
[SourceQuality "1"]

1. e4 e6 2. Nf3 d5 3. Nc3 Nf6 4. d3 c5 5. e5 d4 6. Nb5 Nd5 7. Be2 Qa5+ 8. Bd2 Qxb5 9. b3 Be7 10. 0-0 0-0 11. h3 f6 12. exf6 Bxf6 13. Re1 Nc6 14. a4 Qb6 15. Qc1 Qc7 16. Ng5 Bxg5 17. Bxg5 Qf7 18. Bh4 Nce7 19. Rf1 h6 20. f3 Ng6 21. Bf2 Ngf4 22. Qd2 Qg6 23. g4 Nxh3+ 24. Kg2 Nxf2 25. Rxf2 Nf4+ 26. Kh2 Nxe2 27. Rxe2 Rxf3 28. Rg2 e5 29. Rag1 e4 30. Qe2 Qd6+ 31. Kh1 Qf4 32. dxe4 Re3 33. Qf2 Qxf2 34. Rxf2 Rxe4 35. g5 Rh4+ 36. Kg2 hxg5 37. Re1 Bh3+ 38. Kg3 Rh6 39. Re5 g4 40. Rxc5 Rf8 41. Rxf8+ Kxf8 42. Rc7 Rd6 43. Rxb7 d3 44. cxd3 Rxd3+ 45. Kh4 Re3 46. b4 g5+ 47. Kxg5 g3 48. Kf4 g2 49. Rb5 g1Q 50. Rg5 Qf2# 0-1

[Event "GER-chT U14 Girls"]
[Site "Burg Stargard"]
[Date "2006.12.27"]
[Round "2.4"]
[White "Krebs, Caroline"]
[Black "Veelders, Wiebke"]
[Result "0-1"]
[WhiteElo "947"]
[BlackElo "1115"]
[PlyCount "66"]
[EventDate "2006.12.27"]
[EventType "team-swiss"]
[EventRounds "7"]
[EventCountry "GER"]
[SourceTitle "EXT 2008"]
[Source "ChessBase"]
[SourceDate "2007.11.25"]
[SourceVersion "1"]
[SourceVersionDate "2007.11.25"]
[SourceQuality "1"]
[WhiteTeam "Kahl am Main U14 Girls"]
[BlackTeam "Nordhorn Blanke U14 Girls"]
[WhiteTeamCountry "GER"]
[BlackTeamCountry "GER"]

1. e4 e6 2. d4 d5 3. e5 c5 4. c3 Qb6 5. Nf3 Nc6 6. Be2 f6 7. 0-0 cxd4 8. cxd4 fxe5 9. dxe5 Bc5 10. h3 Nge7 11. Bd3 0-0 12. a3 Nf5 13. Bxf5 Rxf5 14. b4 Bd4 15. Nxd4 Nxd4 16. Be3 Qc7 17. Bxd4 Bd7 18. Qd2 Bb5 19. Rc1 Qf7 20. a4 Bd7 21. b5 b6 22. Qe3 Rb8 23. Nc3 Be8 24. Ne2 Qg6 25. Qg3 Rg5 26. Qe3 Rxg2+ 27. Kf1 Rg5 28. Ng3 Qh6 29. Kg2 Bg6 30. Qf3 Be4 31. Be3 Bxf3+ 32. Kxf3 Rf8+ 33. Ke2 Rxe5 0-1